000 00327nam a22001337a 4500
008 170529b xxu||||| |||| 00| 0 eng d
020 _a0865312613
041 _aeng
080 _a94(7/8)
100 _a16
101 _aSHH
245 _aDEVELOPMENT STATEGIES AND BASIC NEEDS IN LATIN AMERICA
_cBRUNDENIUS,C
942 _2udc
_cBK
999 _c14908
_d14908